The great game : on secret service in high Asia (Record no. 70945)

000 -LEADER
fixed length control field 00472nam a22001817a 4500
003 - CONTROL NUMBER IDENTIFIER
control field NUST - PNEC
005 - DATE AND TIME OF LATEST TRANSACTION
control field 20170116181151.0
008 - FIXED-LENGTH DATA ELEMENTS--GENERAL INFORMATION
fixed length control field 151124b xxu||||| |||| 00| 0 eng d
020 ## - INTERNATIONAL STANDARD BOOK NUMBER
International Standard Book Number 9780719564475
040 ## - CATALOGING SOURCE
Transcribing agency LIBRARY
082 ## - DEWEY DECIMAL CLASSIFICATION NUMBER
Classification number 958 HOP
100 ## - MAIN ENTRY--PERSONAL NAME
9 (RLIN) 15413
Personal name Hopkirk, Peter
245 ## - TITLE STATEMENT
Title The great game : on secret service in high Asia
Statement of responsibility, etc. Peter,Hopkirk
250 ## - EDITION STATEMENT
Edition statement -
260 ## - PUBLICATION, DISTRIBUTION, ETC.
Date of publication, distribution, etc. c 2006
650 ## - SUBJECT ADDED ENTRY--TOPICAL TERM
9 (RLIN) 15414
Topical term or geographic name entry element Great Britain
General subdivision PN Book Club
942 ## - ADDED ENTRY ELEMENTS (KOHA)
Source of classification or shelving scheme
Koha item type Book
Holdings
Withdrawn status Lost status Source of classification or shelving scheme Damaged status Not for loan Permanent Location Current Location Shelving location Date acquired Source of acquisition Total Checkouts Full call number Barcode Date last seen Date last checked out Price effective from Koha item type
          Pakistan Navy Engineering College (PNEC) Pakistan Navy Engineering College (PNEC)   11/24/2015 Donated 1 958 HOP PNECLIB-032278 02/24/2016 02/10/2016   Book
          Pakistan Navy Engineering College (PNEC) Pakistan Navy Engineering College (PNEC)   11/24/2015 Donated   958 HOP PNECLIB-032279 11/24/2015     Book
© 2023 Central Library, National University of Sciences and Technology. All Rights Reserved.